| 000 | 01098nam a22002777a 4500 | ||
|---|---|---|---|
| 005 | 20240530110352.0 | ||
| 008 | 141225s2009 ua g b 000 0 ara d | ||
| 017 |
_a2009/1216 _bمصر . دار الكتب المصرية |
||
| 020 | _a9771758777 | ||
| 040 | _aEG-CaGPL | ||
| 041 | 0 | _aara | |
| 082 | 0 | 4 |
_221 _a346.0482\ _bم ح |
| 100 | 0 | _aمحمد امين الرومى | |
| 245 | 1 | 0 |
_aحقوق المؤلف و الحقوق المجاورة / _cتاليف محمد امين الرومى |
| 250 | _aط1 | ||
| 260 |
_aالاسكندرية : _bدار الفكر الجامعى ، _c2009 |
||
| 300 |
_a427 ص ؛ _c24 سم |
||
| 504 | _aببليوجرافية : ص 419 - 421 | ||
| 650 | 0 | 4 | _aحقوق التاليف و النشر |
| 650 | 0 | 4 |
_aحقوق التاليف و النشر _xالحقوق الادبية |
| 650 | 0 | 4 |
_aحقوق التاليف و النشر _xقوانين و تشريعات |
| 650 | 0 | 4 |
_aحقوق التاليف و النشر _xالحقوق العينية |
| 650 | 0 | 4 |
_aالمصنفات _xانواع |
| 942 |
_2ddc _cBK |
||
| 999 |
_c60091 _d60091 |
||